5HLuxD.jpg

KING HENRY VIII SENIOR AND PRIMARY SCHOOL LIBRARY OPAC

The Girl Who Saved the King of Sweden : (Record no. 1132)

000 -LEADER
fixed length control field 00772nam a22002177a 4500
005 - DATE AND TIME OF LATEST TRANSACTION
control field 20211011094627.0
008 - FIXED-LENGTH DATA ELEMENTS--GENERAL INFORMATION
fixed length control field 211011b ||||| |||| 00| 0 eng d
020 ## - INTERNATIONAL STANDARD BOOK NUMBER
International Standard Book Number 9780062336125
Qualifying information pbk
040 ## - CATALOGING SOURCE
Transcribing agency KH8
082 ## - DEWEY DECIMAL CLASSIFICATION NUMBER
Classification number FIC JON
100 ## - MAIN ENTRY--PERSONAL NAME
Personal name Jonasson, Jonas
Relator term author
245 ## - TITLE STATEMENT
Title The Girl Who Saved the King of Sweden :
Remainder of title a novel /
Statement of responsibility, etc. Jonas Jonasson ; translated by Rachel Willson-Broyles
260 ## - PUBLICATION, DISTRIBUTION, ETC.
Place of publication, distribution, etc. Harper Collins :
Name of publisher, distributor, etc. USA,
Date of publication, distribution, etc. 2014.
300 ## - PHYSICAL DESCRIPTION
Extent 387 p. ;
Dimensions 23 cm.
500 ## - GENERAL NOTE
General note From the author of the internationally bestselling sensation, "The 100-year-old man who climbed out the window and disappeared"
650 ## - SUBJECT ADDED ENTRY--TOPICAL TERM
Topical term or geographic name entry element Contemporary fiction
650 ## - SUBJECT ADDED ENTRY--TOPICAL TERM
Topical term or geographic name entry element Historical fiction
650 ## - SUBJECT ADDED ENTRY--TOPICAL TERM
Topical term or geographic name entry element Humor
700 ## - ADDED ENTRY--PERSONAL NAME
Personal name Willson-Broyles, Rachel
Relator term Translator
942 ## - ADDED ENTRY ELEMENTS (KOHA)
Source of classification or shelving scheme
Koha item type Books - Fiction
Holdings
Withdrawn status Lost status Source of classification or shelving scheme Damaged status Not for loan Collection code Permanent Location Current Location Shelving location Date acquired Full call number Barcode Date last seen Price effective from Koha item type
          Fiction KH8 Senior School Library KH8 Senior School Library Fiction 2021-10-11 FIC JON 3KHSL000101859 2024-07-17 2021-10-11 Books - Fiction

Powered By KH8 IT Dept